| 000 | 00659nam a2200265Ia 4500 | ||
|---|---|---|---|
| 008 | 181129s9999 xx 000 0 und d | ||
| 020 | _a9780545273275 | ||
| 050 | _bT365 2010 | ||
| 100 | _aThaler, Mike | ||
| 245 | 4 | _aThe author visit from the black lagoon / | |
| 245 | 0 | _cby Mike Thaler ; illustrated by Jared Lee. | |
| 260 | _aNew York, NY : | ||
| 260 | _bScholastic, | ||
| 260 | _c2010 | ||
| 300 | _a62 pages : | ||
| 300 | _billustrations ; | ||
| 300 | _c19cm. | ||
| 440 | _aBlack lagoon adventures. | ||
| 500 | _a650L | ||
| 650 | _aAuthors. | ||
| 650 | _aSchools. | ||
| 700 | _aLee, Jared. | ||
| 700 | _aSeries. | ||
| 700 | _aTitle. | ||
| 999 |
_c360075 _d360075 |
||